Métodos instrumentales de análisis / (Record no. 141338)

MARC details
000 -LEADER
campo de control de longitud fija 00686nam a2200205 i 4500
001 - NÚMERO DE CONTROL
campo de control 141338
003 - IDENTIFICADOR DE NÚMERO DE CONTROL
campo de control ES-MaACL
007 - CAMPO FIJO DE DESCRIPCIÓN FÍSICA--INFORMACIÓN GENERAL
campo de control de longitud fija t|
008 - DATOS DE LONGITUD FIJA--INFORMACIÓN GENERAL
campo de control de longitud fija 070921s1982 mx ||||1| spa d
020 ## - NÚMERO INTERNACIONAL ESTÁNDAR DEL LIBRO
Número Internacional Estándar del Libro 0-442-29479-4
100 1# - ENTRADA PRINCIPAL--NOMBRE DE PERSONA
Nombre de persona Willard, Hobart Hurd.
9 (RLIN) 116881
245 10 - MENCIÓN DEL TÍTULO
Título Métodos instrumentales de análisis /
Mención de responsabilidad, etc. Hobart H. Willard, Lynne L. Merritt, John A. Dean ; [traducido por Antonio Eroles Gómez].
250 ## - MENCION DE EDICION
Mención de edición 5ª ed.
260 ## - PUBLICACIÓN, DISTRIBUCIÓN, ETC.
Lugar de publicación, distribución, etc. México :
Nombre del editor, distribuidor, etc. Compañía Editorial Continental,
Fecha de publicación, distribución, etc. 1982.
300 ## - DESCRIPCIÓN FÍSICA
Extensión 907 p. ;
Dimensiones 23 cm.
700 1# - ENTRADA AGREGADA--NOMBRE PERSONAL
Nombre de persona Merritt, Lynne L.
9 (RLIN) 80605
700 1# - ENTRADA AGREGADA--NOMBRE PERSONAL
Nombre de persona Dean, John A.
9 (RLIN) 43094
700 1# - ENTRADA AGREGADA--NOMBRE PERSONAL
Nombre de persona Eroles Gómez, Antonio.
9 (RLIN) 47420
852 ## - LOCALIZACIÓN
Ubicación ES-MaACL
Número de control de estantería L-8707
Sublocalización o colección R.110347
Holdings
Estatus retirado Estado de pérdida Estado de daño No para préstamo Biblioteca de origen Biblioteca actual Ubicación en estantería Fecha de adquisición Fuente de adquisición Total de préstamos Signatura topográfica completa Código de barras Visto por última vez Precio de reemplazo Tipo de ítem Koha
        Biblioteca del Ateneo de Madrid Biblioteca del Ateneo de Madrid Depósito 2 17/01/2008     L-8707 1147064 23/02/2023 23/02/2023 Libro impreso